书目信息 |
| 题名: |
小学生作文常见病例分析
|
|
| 作者: | 吴忠豪 , 李慧琴 著 | |
| 分册: | ||
| 出版信息: | 上海 少年儿童出版社 1991 |
|
| 页数: | 199页 | |
| 开本: | 19cm | |
| 丛书名: | ||
| 单 册: | ||
| 中图分类: | G624.24 | |
| 科图分类: | ||
| 主题词: | 作文--小学--教学参考资料 | |
| 电子资源: | ||
| ISBN: | 978-7-5324-1087-3 | |
| 000 | 00706nam0 2200229 450 | |
| 001 | 0100334711 | |
| 005 | 20100907141423.0 | |
| 010 | @a978-7-5324-1087-3@dCNY1.85 | |
| 100 | @a20021005d1991 cemy0chiy0110 ea | |
| 101 | 0 | @achi |
| 102 | @aCN@b310000 | |
| 105 | @af z 000yy | |
| 106 | @ar | |
| 200 | 1 | @a小学生作文常见病例分析@9Xiao Xue Sheng Zuo Wen Chang Jian;Xian Bing Li Fen Xi @f吴忠豪,李慧琴著@b专著 |
| 210 | @a上海@c少年儿童出版社@d1991 | |
| 215 | @a199页@c图@d19cm | |
| 606 | 0 | @a作文@x小学@x教学参考资料 |
| 690 | @aG624.24@v3 | |
| 701 | 0 | @a吴忠豪@f(1951~)@9wu zhong hao@4著 |
| 701 | 0 | @a李慧琴@9li hui qin@4著 |
| 801 | 0 | @aCN@bAiZhiMarc@c19910730 |
| 905 | @aBZT@dG624.24@e3@f1@sG624.24/3 | |
| 小学生作文常见病例分析/吴忠豪,李慧琴著.-上海:少年儿童出版社,1991 |
| 199页:图;19cm |
| ISBN 978-7-5324-1087-3:CNY1.85 |
| ● |
| 相关链接 |
|
|
|
正题名:小学生作文常见病例分析
索取号:G624.24/3
 
预约/预借
| 序号 | 登录号 | 条形码 | 馆藏地/架位号 | 状态 | 备注 |
| 1 | 2000111335 | 2000111335 | 旧书回溯/ [索取号:G624.24/3] | 在馆 |